000
00329nam a22001457a 4500
003
SGT
020
_a
97881879000021
082
_a
954.034
_b
G01K
100
_a
KANCHANA
245
_a
GANDHI SAMRITI ME
260
_a
INDIA
_b
GANDHI SAMRITI ANV DARSHAN SAMITI
_c
2001
300
_a
169
650
_a
MAHATMA GANDHI
942
_2
ddc
_c
BK
999
_c
26009
_d
26009